000 00321nam a22001337a 4500
008 250303b |||||||| |||| 00| 0 eng d
020 _a0091656214
050 _aHD1431
_b.H37
100 _aHARRISS, John
245 _aRural Development
260 _aLondon
_bEnglish Language Book Society
300 _a409p.
942 _cBK
999 _c2025
_d2025